Statistics for What Word Am I Thinking Of? #2

Click here to take the quiz!

General Stats

  • This quiz has been taken 24,067 times
  • The average score is 11 of 20

Answer Stats

CluesWord% Correct
Rolling, Blarney, SharonStone
88%
Jumping, Coffee, KidneyBean
79%
Bridal, Meteor, CurtainShower
77%
Celebrity, Sirius, Five PointsStar
75%
Jump, Lodge, SlalomSki
72%
Canasta, Visa, FlashCard
69%
Kitchen, Titanic, HoleSink
67%
Duster, Boa, DownFeather
66%
Mowgli, Rainforest, Upton SinclairJungle
64%
Tuxedo, Cobblepot, AntarcticaPenguin
54%
Coward, Kiev, EggChicken
49%
Sour, Dud, AdeLemon
49%
Party, China, CupTea
48%
Devil, Belle, BurdenBeast
38%
Flower, Wine Glass, CellStem
38%
Picard, Thai Monks, EagleBald
37%
Scotland, Tiger, EighteenGolf
32%
Pew, Judge, PressBench
30%
Sugar, Singapore, LimpCane
29%
Dover, Hop Scotch, Murder VictimChalk
20%

Score Distribution

Percentile by Number Answered

Percent of People with Each Score

Your Score History

You have not taken this quiz